000 00863nac a22002657a 4500
001 BR8705857
003 BR-BrBNA
005 20240105120553.0
008 230509b bl.|||m| |||| 00| 0 por d
040 _aBR-BrBNA
_bpor
_cBiblioteca Nacional de Agricultura
072 _aF30
090 _a0170 BR8705857
100 1 _aCarvalho, H.W.L. de
100 1 _aSerpa, J.E.S.
110 1 _aCentro Nacional de Pesquisa de Coco, Aracaju, SE (Brasil)
_91760
245 1 _aAvaliacao de cultivares de sorgo granifero no estado de Sergipe
260 3 _aAracaju, SE (Brasil):
_c1985.
300 _a6 p.
490 _aPesquisa em Andamento - Centro Nacional de Pesquisa de Coco (Brazil)
_vno. 33
_xISSN 0101-7357
650 _aSORGO GRANIFERO
650 _aVARIEDADE
650 _aSERGIPE
909 _a202312
_bLúcia Elande
_c55
_dLúcia Elande
942 _2AGRIS
_n0
_cMS
999 _c280219
_d280219